00949 a2200181 4500003000500000005001700005040000900022082001400031100003000045245007500075260002600150300001100176505038500187650003000572942002300602999001900625952012300644NUST20230131154047.0 cNust a941.5,SOM aSomerville .E. Ce9108298 aFurther Experiences of An Irish R.M /cE Ce Somerville and martin Ross aLondonbThomas Nelson a288:p. aThe Pug Nosed Fox (Page-7), A Royal Command (Page-37), Poisson D’avril (Page-57), The Man That Came To Buy Applies (Page-76), A Conspiracy Of Silence (Page-100), The Boats Share (Page-132), The Last Day Of Shraft (Page-155), A Horse Part 1 (Page-180), A Horse Part 2 (Page-198), Sharper Than A Ferret’s Tooth (Page-215), Owneen The Sprat (Page-237), The White Boys (Page-261). aIreland Geography9108299 2ddccBKk941.5,SOM c187227d187227 00102ddc4070aMCSbMCScGENd2016-12-12o941.5,SOMpMCS29048r2016-12-08w2016-12-12yBKzAlmirah No.60, Shelf No.4